<?xml version="1.0" encoding="UTF-8"?>
<record
    xmlns:xsi="http://www.w3.org/2001/XMLSchema-instance"
    xsi:schemaLocation="http://www.loc.gov/MARC21/slim http://www.loc.gov/standards/marcxml/schema/MARC21slim.xsd"
    xmlns="http://www.loc.gov/MARC21/slim">

  <leader>01882cam a22003131  4500</leader>
  <controlfield tag="001">z  01000028 </controlfield>
  <controlfield tag="003">DLC</controlfield>
  <controlfield tag="005">20260227112812.0</controlfield>
  <controlfield tag="008">790213m18951917xx            000 0 eng  </controlfield>
  <datafield tag="010" ind1=" " ind2=" ">
    <subfield code="a">z  01000028 </subfield>
  </datafield>
  <datafield tag="035" ind1=" " ind2=" ">
    <subfield code="a">(OCoLC)4649983</subfield>
  </datafield>
  <datafield tag="040" ind1=" " ind2=" ">
    <subfield code="a">DLC</subfield>
    <subfield code="c">OCl</subfield>
    <subfield code="d">DLC</subfield>
  </datafield>
  <datafield tag="042" ind1=" " ind2=" ">
    <subfield code="a">premarc</subfield>
  </datafield>
  <datafield tag="050" ind1="0" ind2="0">
    <subfield code="a">Z662</subfield>
    <subfield code="b">.C144</subfield>
  </datafield>
  <datafield tag="110" ind1="2" ind2=" ">
    <subfield code="a">Sanskrit College (Kolkata, India).</subfield>
    <subfield code="b">Library.</subfield>
  </datafield>
  <datafield tag="245" ind1="0" ind2="2">
    <subfield code="a">A descriptive catalogue of Sanskrit manuscripts in the library of the Calcutta Sanskrit college.</subfield>
    <subfield code="c">Prepared under the orders of the government of Bengal, by H&#x1E5B;&#x12B;shike&#x15B;a &#x15A;&#x101;tr&#x12B;, and Siva Chandra Gui.</subfield>
  </datafield>
  <datafield tag="260" ind1=" " ind2=" ">
    <subfield code="a">Calcutta,</subfield>
    <subfield code="b">Printed by J.N. Banerjee &amp; son, Banerjee press,</subfield>
    <subfield code="c">1895-1917.</subfield>
  </datafield>
  <datafield tag="300" ind1=" " ind2=" ">
    <subfield code="a">10 v. in 11.</subfield>
    <subfield code="c">25 cm.</subfield>
  </datafield>
  <datafield tag="500" ind1=" " ind2=" ">
    <subfield code="a">Issued in 32 parts, 1892-1917.</subfield>
  </datafield>
  <datafield tag="500" ind1=" " ind2=" ">
    <subfield code="a">Vol. 1, no. 1, by H&#x1E5B;&#x12B;shike&#x15B;a &#x15A;&#x101;str&#x12B; alone; v. 10, nos. 25-30, by H&#x1E5B;&#x12B;shike&#x15B;a &#x15A;&#x101;str&#x12B; and N&#x12B;lama&#x1E47;i Cakravartti; nos. 31-32, by Bhavabh&#x16B;ti Vidy&#x101;ratna and N&#x12B;lama&#x1E47;i Cakravartti.</subfield>
  </datafield>
  <datafield tag="500" ind1=" " ind2=" ">
    <subfield code="a">Vol. 1 has imprint: Printed at the Baptist mission press.</subfield>
  </datafield>
  <datafield tag="505" ind1="0" ind2=" ">
    <subfield code="a">I. Vedic manuscripts. 1892-95.--II. Sm&#x1E5B;iti and N&#xED;ti manuscripts. 1896-98.--III. Philosophy manuscripts. 1899-1900.--IV. Pur&#x101;&#x1E47;a manuscripts. 1900-02.--V. Tantra manuscripts. 1902-03.--VI. K&#x101;vya manuscripts. 1903-04.--VII. Ala&#x1E45;k&#x101;ra&#x1E25;, Chanda&#x1E25;, political science and lexicography manuscripts. 1904.--VIII. Grammar manuscripts. 1904--IX. Astrology &amp; astronomy manuscripts. 1904-06.--X. 1-3. Medicine manuscripts. 1906-07. Vai&#x1E63;&#x1E47;ava literatures manuscripts. 1907-09. Jaina manuscripts. 1909-13. Appendix, 1913-17. 2 v.</subfield>
  </datafield>
  <datafield tag="650" ind1=" " ind2="0">
    <subfield code="a">Manuscripts, Sanskrit</subfield>
    <subfield code="v">Catalogs.</subfield>
  </datafield>
  <datafield tag="650" ind1=" " ind2="0">
    <subfield code="a">Manuscripts, Indic</subfield>
    <subfield code="v">Catalogs.</subfield>
  </datafield>
  <datafield tag="700" ind1="1" ind2=" ">
    <subfield code="a">&#x15A;&#x101;str&#x12B;, H&#x1E5B;&#x12B;shike&#x15B;a,</subfield>
    <subfield code="c">pandit,</subfield>
    <subfield code="e">ed.</subfield>
  </datafield>
  <datafield tag="700" ind1="1" ind2=" ">
    <subfield code="a">Gui, &#x15A;iva Chandra,</subfield>
    <subfield code="e">joint ed.</subfield>
  </datafield>
  <datafield tag="700" ind1="1" ind2=" ">
    <subfield code="a">Cakravartti, N&#x12B;lamani.</subfield>
  </datafield>
  <datafield tag="700" ind1="1" ind2=" ">
    <subfield code="a">Vidy&#x101;ratna, Bhavabh&#x16B;ti.</subfield>
  </datafield>
  <datafield tag="999" ind1=" " ind2=" ">
    <subfield code="c">92409</subfield>
    <subfield code="d">92409</subfield>
  </datafield>
</record>
